<?xml version="1.0" encoding="UTF-8"?>
<record
    xmlns:xsi="http://www.w3.org/2001/XMLSchema-instance"
    xsi:schemaLocation="http://www.loc.gov/MARC21/slim http://www.loc.gov/standards/marcxml/schema/MARC21slim.xsd"
    xmlns="http://www.loc.gov/MARC21/slim">

  <leader>01414naa a2200265 i 4500</leader>
  <controlfield tag="001">6928</controlfield>
  <controlfield tag="003">KOSZ 005</controlfield>
  <controlfield tag="005">20180224111810.0</controlfield>
  <controlfield tag="008">150929s2012    pl  |  f     |000 ||pol</controlfield>
  <datafield tag="040" ind1=" " ind2=" ">
    <subfield code="c">KOSZ 005</subfield>
    <subfield code="a">KOSZ 005</subfield>
    <subfield code="d">KOSZ 005/HR</subfield>
  </datafield>
  <datafield tag="041" ind1=" " ind2=" ">
    <subfield code="a">pol</subfield>
    <subfield code="b">eng</subfield>
  </datafield>
  <datafield tag="080" ind1=" " ind2=" ">
    <subfield code="a">331</subfield>
  </datafield>
  <datafield tag="080" ind1=" " ind2=" ">
    <subfield code="a">658.1/.5</subfield>
  </datafield>
  <datafield tag="100" ind1="1" ind2=" ">
    <subfield code="a">KLONOWSKA-MATYNIA, Maria.</subfield>
    <subfield code="d">1999 - </subfield>
    <subfield code="b">Politechnika Koszali&#x144;ska - Wydzia&#x142; Nauk Ekonomicznych,</subfield>
    <subfield code="c">Katedra Ekonomii</subfield>
  </datafield>
  <datafield tag="245" ind1="1" ind2="0">
    <subfield code="a">Wp&#x142;yw sp&#xF3;&#x142;ek akcyjnych na lokalny rynek pracy /</subfield>
    <subfield code="c">Maria Klonowska-Matynia, Natalia Cendrowska.</subfield>
  </datafield>
  <datafield tag="246" ind1="3" ind2="0">
    <subfield code="a">Impact joint stock companies on local labor market</subfield>
  </datafield>
  <datafield tag="500" ind1=" " ind2=" ">
    <subfield code="a">Dane z autopsji.</subfield>
  </datafield>
  <datafield tag="520" ind1=" " ind2=" ">
    <subfield code="a">Niniejsze opracowanie po&#x15B;wi&#x119;cone zosta&#x142;o sp&#xF3;&#x142;kom akcyjnym, kt&#xF3;re stanowi&#x105; ogniwo przemian gospodarczych, g&#x142;&#xF3;wnie ze wzgl&#x119;du na swoje mo&#x17C;liwo&#x15B;ci rozwoju, zatrudnienia oraz zakresu dzia&#x142;a&#x144;. Celem niniejszego opracowania jest ukazanie roli sp&#xF3;&#x142;ek akcyjnych z perspektywy jednostek wp&#x142;ywaj&#x105;cych na ukszta&#x142;towanie rynku pracy poprzez oferty pracy.</subfield>
  </datafield>
  <datafield tag="650" ind1=" " ind2="0">
    <subfield code="a">Zatrudnienie.</subfield>
  </datafield>
  <datafield tag="650" ind1=" " ind2="0">
    <subfield code="a">Rynek pracy. </subfield>
  </datafield>
  <datafield tag="650" ind1=" " ind2=" ">
    <subfield code="a">Sp&#xF3;&#x142;ki akcyjne.</subfield>
  </datafield>
  <datafield tag="700" ind1="1" ind2=" ">
    <subfield code="a">CENDROWSKA, Natalia - doktorant.</subfield>
    <subfield code="b">Politechnika Koszali&#x144;ska - Wydzia&#x142; Nauk Ekonomicznych,</subfield>
    <subfield code="c">Katedra Ekonomii</subfield>
  </datafield>
  <datafield tag="773" ind1="0" ind2=" ">
    <subfield code="i">W :</subfield>
    <subfield code="t">Zeszyty Naukowe Wydzia&#x142;u Nauk Ekonomicznych Politechniki Koszali&#x144;skiej. -</subfield>
    <subfield code="g">2012, nr 16, s. 165-175</subfield>
    <subfield code="x">2300-1232</subfield>
  </datafield>
  <datafield tag="942" ind1=" " ind2=" ">
    <subfield code="c">ART</subfield>
    <subfield code="2">UKD</subfield>
  </datafield>
  <datafield tag="999" ind1=" " ind2=" ">
    <subfield code="c">6928</subfield>
    <subfield code="d">6928</subfield>
  </datafield>
  <datafield tag="952" ind1=" " ind2=" ">
    <subfield code="0">0</subfield>
    <subfield code="1">0</subfield>
    <subfield code="4">0</subfield>
    <subfield code="7">0</subfield>
    <subfield code="a">BPK</subfield>
    <subfield code="b">BPK</subfield>
    <subfield code="o">0102</subfield>
    <subfield code="y">ART</subfield>
  </datafield>
</record>
